000 01910cam a2200265 4500
001 ABS64287
008 010802n2001 000 0 eng u
035 _a(Sirsi) u113909
245 _aBarrington Court Developments Ltd v Barrington Court Residents Association
260 _c2001
490 _aEstates Gazette Law Reports
_v[2001] 29 EG 128-129(2)
520 _aLT 9 May 2001. The respondent tenant's association X applied to the leasehold valuation tribunal (LVT) under the Landlord and Tenant Act 1985 s19 for various determinations regarding a property. On 31 October 2000 the LVT refused to make an order under the Landlord and Tenant Act 1985 s20C that the costs incurred by the applicant landlord, Barrington Court Developments Y in connection with the LVT proceedings were not to be counted as relevant costs for any service charge payable by the respondent. On 8 December 2000 the LVT refused X's permission to appeal. The LT refused X's application on 8 February 2001. Y applied to the LT for an award of its costs in responding to the unsuccessful application; estimating the total as £6,509.75 plus VAT. X argued the LT did not have jurisdiction to make an order of costs. Decision, the application was allowed in part and costs of £1,500 plus VAT ordered. Copy of decision available on http://www.courtservice.gov.uk/tribunals/lands/decisions/dec-lrx-65-00.htm
590 _aABS
650 _aLANDS TRIBUNAL RULES 1996
650 _aLANDLORD AND TENANT ACT 1985 S20C
650 _aLANDS TRIBUNAL
650 _aSERVICE CHARGES
650 _aCOSTS
650 _aJURISDICTION
650 _aLEASEHOLD VALUATION TRIBUNAL
650 _aBARRINGTON COURT DEVELOPMENTS LTD V BARRINGTON COURT RESIDENTS ASSOCIATION
690 _aLANDLORD AND TENANT-RESIDENTIAL TENANCIES-CASE LAW
856 _uhttps://www.courtservice.gov.uk/tribunals/lands/decisions/dec-lrx-65-00.htm
942 _n0
999 _c67873
_d67873